000
00324nam a22001337a 4500
008
170527b xxu||||| |||| 00| 0 eng d
020
_a
9780132499477
041
_a
eng
080
_a
621.3
100
_a
27
101
_a
IM
245
_a
ELECTRICAL POWER DISTRIBUTION AND TRANSMISSION
_c
FAULKENBERRY, L.M
942
_2
udc
_c
BK
999
_c
14622
_d
14622